000
00267 a2200109 4500
003
Nust
005
20170207154230.0
040
_c
Nust
082
_a
371.33
245
_a
Apollo 11 The Twentieth Year (VHS-478)
440
_a
Apollo 11 The Twentieth Year (VHS-478)
538
_a
Duration in Minutes-180
999
_c
195829
_d
195829